| 000 | 00619nam a22001817a 4500 | ||
|---|---|---|---|
| 003 | BDDh-ASL | ||
| 005 | 20231015031303.0 | ||
| 008 | 230331s1989 b ||||| |||| 00| 0 e d | ||
| 040 |
_aBDDh-ASL _cBDDh-ASL |
||
| 041 | _aeng | ||
| 082 |
_a909.297 _bBAG |
||
| 100 | 1 |
_aBaloch, N. A. _97798 |
|
| 245 | 1 | 0 | _aGreat Books of Islamic Civilization / |
| 260 |
_aIslamabad : _bPakistan Hijra Council, _c1989. |
||
| 300 |
_a221 p. : _c26 cm. |
||
| 650 | 0 |
_aIslamic History (ইসলামের ইতিহাস), Islamic Civilization, ইসলামী সভ্যতা, Isalāmī sabhyatā _95885 |
|
| 942 |
_2ddc _cBK |
||
| 999 |
_c31557 _d31557 |
||